iPad & iPhone administrator's guide [

Bibliographic Details
Main Author: Hart-Davis, Guy (Author)
Format: Book
Language:English
Published: New York : McGraw-Hill , c2011
Subjects:
Online Access:McGraw Hill

MARC

LEADER 00000cam a2200000 7i4500
001 0000087421
005 20150208093000.0
008 141112s2011 nyu eng
020 |a 0071759069 
020 |a 0071759077 (e-book) 
020 |a 9780071759069 
020 |a 9780071759076 (e-book) 
050 0 0 |a TK5105.78   |b .H37 2011 
090 0 0 |a TK5105.78   |b .H37 2011 
100 1 |a Hart-Davis, Guy ,   |e author 
245 1 0 |a iPad & iPhone administrator's guide [  |h electronic resource]   |c Guy Hart-Davis 
246 3 0 |a iPad and iPhone administrator's guide 
260 |a New York :   |b McGraw-Hill ,   |c c2011 
300 |a 1 online resource (xxiv, 312 p.) :   |b ill 
500 |a Includes index 
505 0 |a 1: Planning your deployment and choosing the right iPads and iPhones -- 2. Activating and setting up iPhones and iPads -- 3. Configuring an iPad or iPhone automatically -- 4. Setting up wireless networks on the iPad and iPhone -- 5. Equipping the iPad and iPhone with the apps that users need -- 6. Connecting the iPad and iPhone to your mail servers -- 7. Putting documents on the iPad and iPhone -- 8. Securing your company?s iPads and iPhones -- 9. Giving iPad and iPhone users remote access to the network -- 10. Troubleshooting the iPad and iPhone hardware and software problems 
650 0 |a Computer networks   |x Management 
650 0 |a iPad (Computer)   |x Security measures 
650 0 |a iPhone (Smartphone)   |x Security measures 
650 0 |a Wireless LANs   |x Security measures 
856 4 0 |3 McGraw Hill   |u http://mhebooklibrary.com/doi/pdf/10.1036/9780071759076 
999 |a 1000163082   |b Electronic Book   |c Electronic Resource   |e Gong Badak Campus